Paradox, Rey

Guardat en:
Dades bibliogràfiques
Autor principal: Baroja, Pío
Format: Llibre
Idioma:Undetermined
Publicat: Madrid, España Espasa Calpe 1978
Edició:7
Matèries:
Etiquetes: Afegir etiqueta
Sense etiquetes, Sigues el primer a etiquetar aquest registre!

MARC

LEADER 00000nam a2200000Ia 4500
008 170316s9999 xx 000 0 und d
040 |a cru BVZT 
090 |a 862 B-6p 
100 |a Baroja, Pío 
245 |a Paradox, Rey 
250 |a 7 
260 |a Madrid, España 
260 |b Espasa Calpe 
260 |c 1978 
300 |a 235 páginas 
650 |a LITERATURA ESPAÑOLA 
999 |c 9566  |d 9566 
942 |c 15 D  |h 862 B-6p  |2 z